Les plus grandes villes de la côte atlantique sur une carte - Statistiques

Statistiques générales
  • Ce quiz a été pris 545 fois
  • Le résultat moyen est 20 sur 30
Réponses sur la Carte
Les réponses sont colorées sur une échelle allant du rouge au vert en fonction du pourcentage des utilisateurs qui les ont devinées à leur premier essai. Vous pouvez retrouver ces pourcentages ci-dessous.
 
Statistiques - réponses
Population Réponse % Correct
22.2 New York
98%
3.0 Lisbonne
97%
4.7 Barcelone
93%
12.8 Rio de Janeiro
92%
3.6 Rome
92%
3.8 Alger
90%
6.2 Miami
89%
3.3 Athènes
87%
4.2 Naples
86%
15.2 Istanbul
85%
4.1 Le Cap
83%
16.1 Buenos Aires
82%
3.5 Dakar
79%
4.3 Casablanca
77%
5.6 Saint-Pétersbourg
75%
5.8 Alexandrie
74%
7.6 Boston
74%
18.2 Lagos
67%
6.5 Houston
62%
5.4 Abidjan
59%
3.1 Port-au-Prince
57%
7.7 Luanda
50%
5.1 Accra
49%
3.8 Saint-Domingue
47%
3.0 Izmir
45%
3.8 Recife
39%
4.2 Tampa
33%
3.1 Douala
29%
3.6 Fortaleza
27%
3.7 Salvador
26%
Aucun quiz correspondant
Distribution des résultats
% des personnes avec chaque résultat
Percentile par nombre de réponses
Votre historique - résultats
Vous n’avez pas pris ce quiz